000 00309nam a2200133Ia 4500
005 20251222144636.0
008 251222s9999||||xx |||||||||||||| ||spa||
020 _a978-9972-46-392-1
082 _a306/P72
100 _aPodestá, Bruno
245 0 _aLas Dos Caras de Jano:
264 _bUNMSM
942 _cLIB
999 _c16508
_d16508